000 00613nam a2200229Ia 4500
005 20250425160658.0
008 250425s9999 xx 000 0 und d
041 _aspa
082 _a330.9866
100 _aAROSEMENA, GUILLERMO
245 0 _aLA REVITALIZACION DE LA ECONOMIA ECUATORIANA: LOS HECHOS, LAS CAUSAS, LOS MALES Y LAS SOLUCIONES
250 _a1A ED.
260 _aEcuador
_bS.E.
_c1993
260 _aGUAYAQUIL
300 _a275
650 _aECONOMIA
650 _aECUADOR
650 _aECUADOR-POLITICA ECONOMICA
650 _aESTABILIZACION ECONOMICA
942 _c01
010 _a2145
999 _c193976
_d193976